Transferencia y adaptación de tecnología
Guardado en:
| Autor Corporativo: | |
|---|---|
| Formato: | Texto |
| Publicado: |
Cartago:
Editorial Tecnológica
|
| Etiquetas: |
Agregar Etiqueta
Sin Etiquetas, Sea el primero en etiquetar este registro!
|
MARC
| LEADER | 00000 a a2200000 04500 | ||
|---|---|---|---|
| 001 | 14662 | ||
| 003 | |||
| 040 | |a CRAI/IIS |c CRAI/IIS | ||
| 090 | |a 022000 | ||
| 110 | |a Instituto Tecnológico de Costa Rica | ||
| 245 | |a Transferencia y adaptación de tecnología | ||
| 260 | |a Cartago: |b Editorial Tecnológica | ||
| 300 | |a 28 p. | ||
| 999 | |c 4222 |d 4222 | ||
